[Event "Autumn Cup IM"]
[Site "Bucharest ROM"]
[Date "2000.11.27"]
[Round "7"]
[White "Bogza,A"]
[Black "Vioreanu,B"]
[Result "1/2-1/2"]
[WhiteElo "2271"]
[BlackElo "2280"]

1.Nf3 d5 2.g3 Nf6 3.Bg2 Bg4 4.O-O e6 5.c4 c6 6.b3 Nbd7 7.Qc2 Bd6 8.d3 O-O
9.Nc3 Qe7 10.e4 dxe4 11.dxe4 Rfd8 12.Be3 Bc5 13.Nd1 e5 14.Nh4 g6 15.f3 Be6
16.Kh1 a5 17.Bxc5 Nxc5 18.Nf2 Rd4 19.Rad1 Rad8 20.Rxd4 Rxd4 21.f4 exf4 22.Nf3 Rd8
23.gxf4 Nh5 24.f5 Bc8 25.Qc3 a4 26.Ng4 f6 27.e5 Ne4 28.exf6 Nexf6 29.Nxf6+ Qxf6
30.Qxf6 Nxf6 31.fxg6 hxg6 32.bxa4 Kg7 33.Re1 Re8 34.Rxe8 Nxe8 35.a5 Nc7 36.Kg1 Be6
37.Nd2 Kf6 38.Kf2 Na6 39.Ke3 Ke5 40.Nf3+ Kd6 41.Kd4 Nb4 42.Ng5 Bf5 43.Nf7+ Kc7
44.Ne5 Nxa2 45.h4 Nc1 46.a6 bxa6 47.Bxc6 Nb3+ 48.Kd5 a5 49.Be8 Nd2 50.c5 Ne4
51.Kc4 g5 52.hxg5 Nxg5  1/2-1/2

[Event "National Chess Congress"]
[Site "Philadelphia USA"]
[Date "2000.11.27"]
[Round "3"]
[White "Wojtkiewicz,A"]
[Black "Formanek,E"]
[Result "1/2-1/2"]
[WhiteElo "2581"]
[BlackElo "2298"]

1.Nf3 d5 2.g3 c5 3.Bg2 Nc6 4.d4 e6 5.O-O Nf6 6.c4 dxc4 7.Qa4 cxd4 8.Nxd4 Qxd4
9.Bxc6+ Bd7 10.Rd1 Bxc6 11.Qxc6+ bxc6 12.Rxd4 Rd8 13.Rxc4 Rd1+ 14.Kg2 Kd7
15.Nc3 Re1 16.Rd4+ Kc8 17.Ra4 Bc5 18.Rc4 Bb6 19.Rxc6+ Kd7 20.Rc4 Nd5 21.e3 Bxe3
22.Na4 Nb6 23.Rc3 Bd4 24.Rd3 e5 25.Nc5+ Kc6 26.Nb3 Rd8 27.Be3 Rxa1 28.Nxa1 Nc4
29.Bxd4 Rxd4 30.Rc3 Kd5 31.Nc2 Rd2 32.Nb4+ Kd4 33.Nc6+ Kd5 34.Nb4+ Kd4 35.Nc2+ Kd5
36.b3 Nd6 37.Ne3+ Kd4 38.Rc6 Ne4 39.Nc2+ Kd3 40.Ne1+ Ke2 41.Nf3 Rxa2 42.Nxe5 Nxf2
43.Nxf7 Ng4 44.Kh3 Ne3 45.Ne5 Kd1 46.Rc7 Nf1 47.Rxg7 Rxh2+ 48.Kg4 h5+ 49.Kf5 Rb2
50.g4 Ne3+ 51.Kf4 Nxg4 52.Nxg4 hxg4  1/2-1/2

[Event "FIDE WCh Women KO"]
[Site "New Delhi IND"]
[Date "2000.11.28"]
[Round "1.2"]
[White "Stjazhkina,O"]
[Black "Wang Lei"]
[Result "1-0"]
[WhiteElo "2337"]
[BlackElo "2498"]

1.Nf3 d5 2.g3 c6 3.Bg2 Bg4 4.O-O Nd7 5.d4 e6 6.Nbd2 Ngf6 7.Re1 Be7 8.e4 dxe4
9.Nxe4 Nxe4 10.Rxe4 Bf5 11.Re1 O-O 12.c3 Qb6 13.Qb3 Rfe8 14.Nd2 Bd3 15.Re3 Qxb3
16.axb3 Bc2 17.b4 Nb6 18.Re1 a6 19.Nf3 Bd6 20.Ne5 Rac8 21.Bf1 Rcd8 22.Bd2 f6
23.Nd3 Bxd3 24.Bxd3 e5 25.Be3 e4 26.Bc2 Nd5 27.Bd2 f5 28.Bg5 Be7 29.Bxe7 Rxe7
30.f3 exf3 31.Rxe7 Nxe7 32.Re1 Kf7 33.Kf2 g6 34.Kxf3 Nd5 35.Bb3 Rd7 36.Re5 Kf6
37.Re8 Re7 38.Rd8 Ne3 39.Rd6+ Kg7 40.Re6 Rxe6 41.Bxe6 Nd1 42.Bc8 b6 43.Bxa6 Nxb2
44.Ke2 Kf6 45.Kd2 b5 46.Bb7 Nc4+ 47.Kd3 Nd6 48.Bxc6 Ke6 49.Bf3 g5 50.Bd1 f4
51.Bg4+ Kf6 52.gxf4 gxf4 53.h3 Nc4 54.Bd7 Nd6 55.Bc6 Kg5 56.Ke2 h6 57.Kf3 h5
58.h4+ Kxh4 59.Kxf4 Kh3 60.Ke5 Nc4+ 61.Ke6 Kg3 62.d5  1-0

[Event "Autumn Cup IM"]
[Site "Bucharest ROM"]
[Date "2000.11.30"]
[Round "10"]
[White "Grunberg,F"]
[Black "Glodeanu,I"]
[Result "1/2-1/2"]
[WhiteElo "2295"]
[BlackElo "2271"]

1.Nf3 d5 2.g3 e6 3.c4 Nf6 4.Bg2 c5 5.cxd5 exd5 6.O-O Nc6 7.d4 Be7 8.Nc3 O-O
9.Bg5 cxd4 10.Nxd4 h6 11.Bf4 Bg4 12.h3 Bh5 13.Qd2 Bg6 14.Rac1 Qd7 15.Rfd1 Rad8
16.Kh2 Rfe8 17.Nxc6 bxc6 18.Na4 Ne4 19.Bxe4 Bxe4 20.Nc5 Bxc5 21.Rxc5  1/2-1/2

[Event "Mitropa Team Cup"]
[Site "Charleville FRA"]
[Date "2000.12.01"]
[Round "7"]
[White "Kozul,Z"]
[Black "Varga,Zo"]
[Result "1/2-1/2"]
[WhiteElo "2611"]
[BlackElo "2541"]

1.Nf3 d5 2.g3 c5 3.Bg2 Nc6 4.O-O e5 5.d3 f6 6.e4 d4 7.c3 Be6 8.cxd4 cxd4
9.Nh4 Qd7 10.f4 exf4 11.gxf4 Bd6 12.Nd2 Nge7 13.e5 fxe5 14.fxe5 Bxe5 15.Ne4 O-O-O
16.Nf3 Nd5 17.Nxe5 Nxe5 18.Nc5 Qd6 19.Nxe6 Qxe6 20.Qb3 Rd7 21.Bd2 Ng4 22.Rf3 Qe5
23.Rg3 h5 24.Rc1+ Kb8 25.Bxd5 Rxd5 26.Re1 Qd6 27.Rf1 Ka8 28.Rf7 Qc6 29.Rxg7 Rf5
30.Rg8+ Rf8 31.Rxh8 Rxh8 32.h3 Qf6 33.hxg4 Rf8 34.Rg2 Qf1+ 35.Kh2 hxg4 36.Qd5 Rh8+
37.Kg3 Qxd3+ 38.Kf4 g3 39.Kg4 a6 40.Bg5 Rf8 41.Rd2 Qf1 42.Kxg3 Qg1+ 43.Rg2 Qe1+
44.Kg4 Qd1+ 45.Kg3  1/2-1/2

[Event "Autumn Cup IM"]
[Site "Bucharest ROM"]
[Date "2000.12.02"]
[Round "12"]
[White "Petre,NT"]
[Black "Osman,M"]
[Result "1-0"]
[WhiteElo "2293"]
[BlackElo "2177"]

1.Nf3 d5 2.g3 c6 3.Bg2 h6 4.b3 Bf5 5.Bb2 e6 6.O-O Nd7 7.d3 Ngf6 8.Nbd2 Bc5
9.c4 O-O 10.a3 a5 11.Qc2 Bh7 12.Bc3 Qe7 13.Qb2 Rfe8 14.b4 axb4 15.axb4 Bd6
16.c5 Bc7 17.d4 Ne4 18.Nxe4 dxe4 19.Nd2 e5 20.Nc4 exd4 21.Bxd4 f6 22.Bh3 Nf8
23.b5 Ne6 24.Rxa8 Rxa8 25.b6 Bb8 26.Rd1 Bg6 27.Be3 Kh7 28.Nd6 Bxd6 29.Rxd6 Nf8
30.Qc2 f5 31.Qc4 Ra1+ 32.Kg2 Re1 33.Bd2 Bf7 34.Bxf5+ g6 35.Qxe4 Bd5 36.Rxd5 Qxe4+
37.Bxe4 cxd5 38.Bxe1 dxe4 39.c6 bxc6 40.b7 Nd7 41.Bb4 Kg8 42.Bd6 Kf7 43.b8=Q Nxb8
44.Bxb8  1-0

[Event "Mitropa Team Cup"]
[Site "Charleville FRA"]
[Date "2000.12.02"]
[Round "8"]
[White "Hauchard,A"]
[Black "Arlandi,E"]
[Result "1-0"]
[WhiteElo "2539"]
[BlackElo "2437"]

1.Nf3 d5 2.g3 Nf6 3.Bg2 e6 4.O-O Be7 5.d3 c5 6.Nbd2 Nc6 7.e4 b6 8.Re1 Bb7
9.c3 Qc7 10.Qe2 h6 11.a3 O-O-O 12.b4 c4 13.exd5 cxd3 14.Qxd3 Nxd5 15.Qc2 Bf6
16.Bb2 Ne5 17.Nxe5 Bxe5 18.Nf3 Bf6 19.c4 Bxb2 20.Qxb2 Nf6 21.a4 Kd7 22.a5 Ke7
23.axb6 axb6 24.Ra7 Ra8 25.Qe5 Rhc8 26.Rea1 Rxa7 27.Rxa7 Ne8 28.Qa1 Kf8 29.Ne5 Rb8
30.c5 bxc5 31.bxc5 f6 32.Ng6+ Kf7 33.c6 Kxg6 34.Rxb7 Rxb7 35.cxb7 Qb6 36.Qa8 Qb1+
37.Bf1 Nc7 38.Qa7  1-0

[Event "Open"]
[Site "Mallorca ESP"]
[Date "2000.12.03"]
[Round "2"]
[White "Martinez Gonzalez,A"]
[Black "Bellon Lopez,JM"]
[Result "0-1"]
[WhiteElo "2254"]
[BlackElo "2421"]

1.Nf3 d5 2.g3 Bg4 3.Bg2 c6 4.d3 e6 5.Nbd2 Nf6 6.c3 Qc7 7.O-O Bd6 8.Re1 h5
9.h3 Bxg3 10.fxg3 Bxh3 11.Nf1 Bf5 12.Nh4 Bg4 13.d4 Nh7 14.Bf3 g5 15.Ng2 f5
16.Qd3 Nd7 17.c4 Ndf6 18.b3 Ne4 19.Bxe4 fxe4 20.Qc3 O-O-O 21.Ba3 Nf6 22.Rac1 h4
23.gxh4 gxh4 24.cxd5 exd5 25.b4 a6 26.Bb2 Rdg8 27.a4 h3 28.b5 hxg2 29.Ng3 Bf3
30.bxc6 Rh1+ 31.Kf2 Ng4+  0-1

[Event "Open"]
[Site "Milan ITA"]
[Date "2000.12.03"]
[Round "1"]
[White "Foisor,C"]
[Black "Bevilacqua,M"]
[Result "1-0"]
[WhiteElo "2386"]
[BlackElo "2110"]

1.Nf3 d5 2.g3 c6 3.d3 Nf6 4.Bg2 Bg4 5.Nbd2 Nbd7 6.O-O e6 7.b3 Be7 8.Bb2 a5
9.a3 h6 10.c4 O-O 11.Qc2 Qb8 12.Rfe1 Rd8 13.Rac1 Bf5 14.Qb1 Bh7 15.Bh3 Ra6
16.Qa1 Bf8 17.Ne5 Qa7 18.cxd5 cxd5 19.Ndf3 Nc5 20.Qa2 Ne8 21.Nd4 f6 22.Nef3 e5
23.Nb5 Qb6 24.a4 Kh8 25.d4 Ne4 26.e3 exd4 27.Bxd4 Bc5 28.Red1 Raa8 29.Bxc5 Nxc5
30.Qa3 Ne4 31.Qe7 N8d6 32.Rc7 Rg8 33.Rxd5 Nxb5 34.Rxb5 Qd6 35.Nd4 Rae8 36.Qxd6 Nxd6
37.Rxa5  1-0

[Event "Open"]
[Site "Mallorca ESP"]
[Date "2000.12.04"]
[Round "3"]
[White "Tattersall,L"]
[Black "Campos Moreno,J"]
[Result "0-1"]
[WhiteElo "2258"]
[BlackElo "2491"]

1.Nf3 d5 2.g3 g6 3.Bg2 Bg7 4.O-O e5 5.d3 Ne7 6.c3 O-O 7.Nbd2 a5 8.e4 Nbc6
9.exd5 Nxd5 10.Re1 Nb6 11.Qe2 a4 12.Nc4 Nxc4 13.dxc4 Bf5 14.Bg5 Qd3 15.Rad1 Qxe2
16.Rxe2 a3 17.Nh4 Bg4 18.Bf3 Bxf3 19.Nxf3 f5 20.b4 h6 21.Be3 e4 22.Nd4 Rfd8
23.Kg2 Ne5 24.Bf4 Nxc4 25.Bxc7 Rd7 26.Bf4 Rad8 27.Be3 Kf7 28.Rb1 Rd5 29.f3 Re8
30.Rb3 b5 31.fxe4 Rxe4 32.Kf3 g5 33.Bc1 Ne5+ 34.Kf2 Nd3+ 35.Kf1 Nxc1 36.Rxe4  0-1

[Event "Open"]
[Site "Milan ITA"]
[Date "2000.12.06"]
[Round "5"]
[White "Foisor,C"]
[Black "Zinani,A"]
[Result "1-0"]
[WhiteElo "2386"]
[BlackElo "2201"]

1.Nf3 d5 2.g3 Nf6 3.Bg2 g6 4.O-O Bg7 5.d4 O-O 6.c4 c6 7.b3 Ne4 8.Bb2 dxc4
9.bxc4 Nd6 10.Qc1 Qa5 11.Nbd2 Qh5 12.a4 Bh3 13.c5 Ne8 14.Nc4 Bxg2 15.Kxg2 Nd7
16.h3 Nc7 17.g4 Qd5 18.e4 Qxe4 19.Re1 Qd5 20.Ne3 Qe4 21.Nf5 gxf5 22.Rxe4 fxe4
23.Nd2 f5 24.gxf5 Rxf5 25.Nxe4 Nd5 26.Ra3 Raf8 27.Rg3 N7f6 28.Nxf6+ R8xf6
29.Qc2 Kf7 30.Bc1 Rxf2+ 31.Qxf2 Rxf2+ 32.Kxf2 Bxd4+ 33.Kf3 Bxc5 34.Bb2 Nf6
35.h4 Bd6 36.Rg5 h6 37.Rg2 e5 38.Bc1 h5 39.Bg5 Ng4 40.a5 Bb4 41.Rb2 c5 42.Bd2 Bxd2
43.Rxd2 Ke6 44.Rb2 b6 45.Rxb6+ Kd5 46.Ra6 e4+ 47.Ke2 c4 48.Rxa7 Kc5 49.Rh7 Kb5
50.Rxh5+ Ka6 51.Rb5 Nh2 52.h5 Nf3 53.Rc5  1-0

[Event "Bundesliga 2000-1"]
[Site "Gelsenkirchen GER"]
[Date "2000.12.09"]
[Round "3"]
[White "Kengis,E"]
[Black "Jussupow,A"]
[Result "1/2-1/2"]
[WhiteElo "2589"]
[BlackElo "2610"]

1.Nf3 d5 2.g3 Nf6 3.Bg2 Bf5 4.O-O e6 5.d3 Be7 6.c4 c6 7.Be3 dxc4 8.dxc4 Qxd1
9.Rxd1 Nbd7 10.Nc3 e5 11.h3 h6 12.Rac1 Be6 13.Na4 O-O 14.Ne1 Nb6 15.Nxb6 axb6
16.a3 Nd7 17.g4 Ra4 18.Rc3 Rfa8 19.Nc2 Nf8 20.b3 R4a6 21.b4 Rb8 22.Be4 Bg5
23.Rd6  1/2-1/2

[Event "67th ch-BRA"]
[Site "Teresina BRA"]
[Date "2000.12.09"]
[Round "1"]
[White "Matsuura,E"]
[Black "Coelho,L"]
[Result "1-0"]
[WhiteElo "2443"]
[BlackElo "2164"]

1.Nf3 d5 2.g3 c6 3.Bg2 Bg4 4.O-O Nd7 5.h3 Bxf3 6.exf3 g6 7.f4 Bg7 8.Re1 e6
9.d4 Ne7 10.c3 O-O 11.Nd2 b6 12.Nf3 c5 13.dxc5 bxc5 14.c4 Rb8 15.cxd5 Nxd5
16.Qe2 c4 17.Ne5 c3 18.bxc3 Nxc3 19.Qe3 Nxe5 20.fxe5 Nb5 21.Bb2 Nd6 22.Bc3 Nb5
23.Bb4 Re8 24.Rad1 Qb6 25.Qxb6 Rxb6 26.a4 a5 27.Bc5  1-0

[Event "52nd ch-Montenegro"]
[Site "Tivat YUG"]
[Date "2000.12.09"]
[Round "2"]
[White "Blagojevic,D"]
[Black "Kalezic,B"]
[Result "1/2-1/2"]
[WhiteElo "2475"]
[BlackElo "2440"]

1.Nf3 d5 2.g3 c6 3.Bg2 Bg4 4.b3 Nd7 5.Bb2 Ngf6 6.O-O e6 7.c4 Be7 8.d3 O-O
9.Nbd2 a5 10.a3 Qb8 11.Qc2 Rd8 12.h3 Bh5 13.cxd5 cxd5 14.Rac1 Ne8 15.Nd4 Bf6
16.N4f3 Ne5 17.Nd4 Nd7 18.N4f3  1/2-1/2

[Event "Bundesliga 2000-1"]
[Site "Plauen GER"]
[Date "2000.12.10"]
[Round "4"]
[White "Sandner,G"]
[Black "Hector,J"]
[Result "0-1"]
[WhiteElo "2333"]
[BlackElo "2509"]

1.g3 d5 2.Nf3 Bg4 3.Bg2 Nd7 4.d4 e6 5.c4 c6 6.Qb3 Qb6 7.Qxb6 axb6 8.b3 Bxf3
9.Bxf3 dxc4 10.bxc4 Ra4 11.Nd2 Bb4 12.Bb2 Ngf6 13.e3 O-O 14.Bd1 Ra5 15.Ke2 Rfa8
16.Bb3 e5 17.dxe5 Nxe5 18.Rhd1 Ned7 19.f3 Nc5 20.Rac1 Nfd7 21.Bc3 Bxc3 22.Rxc3 Kf8
23.Rc2 Ke7 24.Nb1 b5 25.cxb5 Rxb5 26.Bc4 Rba5 27.a3 b5 28.Bd3 Nxd3 29.Rxd3 Ne5
30.Rb3 R8a6 31.Rcc3 Nc4 32.Rd3 Ra7 33.Rbc3 R5a6 34.h4 h5 35.Rb3 Rd7 36.Nd2 Rxd3
37.Rxd3 Nxa3 38.Ne4 Nc4 39.f4 Ra2+ 40.Ke1 f5 41.Nc5 Nd6 42.Nb3 Ra3  0-1

[Event "52nd ch-Montenegro"]
[Site "Tivat YUG"]
[Date "2000.12.11"]
[Round "4"]
[White "Narandzic,V"]
[Black "Kalezic,B"]
[Result "1-0"]
[WhiteElo "2402"]
[BlackElo "2440"]

1.Nf3 d5 2.g3 c6 3.Bg2 Bg4 4.d3 Nd7 5.O-O e6 6.c3 Ngf6 7.Qc2 Be7 8.Re1 O-O
9.Nbd2 a5 10.a4 Qc7 11.e4 Rfd8 12.Nb3 dxe4 13.dxe4 e5 14.Be3 c5 15.h3 Be6
16.Ng5 Bc4 17.Nd2 Ba6 18.b3 b6 19.Bf1 Bxf1 20.Kxf1 Nf8 21.Ngf3 h6 22.Kg2 Ng6
23.Nc4 Qb7 24.Bc1 Bd6 25.Qe2 Bc7 26.Nfd2 Rd7 27.Ra2 Rad8 28.Rc2 Kh7 29.h4 Qc6
30.Nf1 Rd3 31.Nb2 R3d7 32.Rd2 Qe6 33.Nc4 Rxd2 34.Bxd2 Qc6 35.Na3 Rd7 36.Qf3 Rd6
37.Nb5 Rd8 38.Qf5 c4 39.h5 cxb3 40.Nxc7 Qxc7 41.hxg6+ fxg6 42.Qe6 b2 43.Qb3 Qc6
44.f3 Rd6 45.Qxb2 Qxa4 46.Ne3 Qc6 47.c4 Nxe4 48.fxe4 Qxe4+ 49.Kh2 Qf3 50.Bc1 Rd4
51.Qe2 Qc6 52.Bb2 Re4 53.Qd3 b5 54.Qd5 Qxd5 55.cxd5 Kg8 56.d6 Kf7 57.d7 Ke7
58.Nd5+  1-0

[Event "Open"]
[Site "Zadar CRO"]
[Date "2000.12.14"]
[Round "6"]
[White "Delchev,A"]
[Black "Goloshchapov,A"]
[Result "1-0"]
[WhiteElo "2557"]
[BlackElo "2526"]

1.Nf3 d5 2.g3 c6 3.Bg2 Bg4 4.O-O Nd7 5.d3 e5 6.c4 Ngf6 7.cxd5 Nxd5 8.Nc3 Nxc3
9.bxc3 Bd6 10.Rb1 Qc7 11.Qa4 Bxf3 12.Bxf3 O-O 13.Be3 Bc5 14.Bxc5 Nxc5 15.Qc4 Nd7
16.a4 Rac8 17.a5 b5 18.axb6 axb6 19.Ra1 Nc5 20.Rfb1 Ra8 21.d4 Rxa1 22.Rxa1 exd4
23.cxd4 Ne6 24.e3 Rc8 25.Ra6 Nd8 26.Kg2 g6 27.h4 h5 28.Qa2 Rb8 29.Ra7 Qd6
30.Bd1 Rb7 31.Rxb7 Nxb7 32.Qa7 Nd8 33.Qxb6 Kf8 34.Bb3 Ke7 35.Qa7+ Qd7 36.Qxd7+ Kxd7
37.Kf3 Ke7 38.Kf4 Nb7 39.f3 Nd6 40.g4  1-0

[Event "Salona"]
[Site "Solin/Split CRO"]
[Date "2000.12.15"]
[Round "7"]
[White "Dizdarevic,E"]
[Black "Kovacevic,Vlat"]
[Result "1-0"]
[WhiteElo "2527"]
[BlackElo "2492"]

1.Nf3 d5 2.g3 c6 3.Bg2 Bg4 4.c4 Nd7 5.cxd5 cxd5 6.Nc3 e6 7.Qb3 Qb6 8.Qxb6 axb6
9.Nd4 Ngf6 10.h3 Bh5 11.d3 Bc5 12.Ncb5 O-O 13.f4 h6 14.Bd2 Ra4 15.Bc3 Rc8
16.a3 e5 17.fxe5 Nxe5 18.Kd2 Nc6 19.b4 Bf8 20.Nf5 Re8 21.g4 Bg6 22.Nxh6+ Kh7
23.Nf5 Bxf5 24.gxf5 Nh5 25.Bf3 Ng3 26.Rhg1 Nxf5 27.Bxd5  1-0

[Event "2nd Viking IM"]
[Site "York ENG"]
[Date "2000.12.15"]
[Round "3"]
[White "Krutti,V"]
[Black "Bosch,Je"]
[Result "0-1"]
[WhiteElo "2397"]
[BlackElo "2405"]

1.Nf3 d5 2.g3 c5 3.Bg2 Nc6 4.d4 e6 5.O-O Nf6 6.c4 Be7 7.cxd5 exd5 8.Nc3 O-O
9.Bg5 cxd4 10.Nxd4 h6 11.Be3 Re8 12.Rc1 Bg4 13.h3 Be6 14.Nxc6 bxc6 15.Na4 Qd7
16.Kh2 Bf5 17.Bd4 Ne4 18.e3 Bd6 19.Nc5 Bxc5 20.Bxc5 Ng5 21.h4 Ne4 22.Qd4 Re6
23.b4 a6 24.Kg1 Rae8 25.Rfd1 Rf6 26.a4 Qc8 27.Rc2 Nxg3  0-1

[Event "Czech Extra League 2000-1"]
[Site "CZE"]
[Date "2000.12.17"]
[Round "3"]
[White "Markos,J"]
[Black "Timoscenko,G"]
[Result "1/2-1/2"]
[WhiteElo "2327"]
[BlackElo "2529"]

1.g3 d5 2.Nf3 c6 3.Bg2 Bg4 4.O-O Nd7 5.d3 e6 6.c4 Ngf6 7.cxd5 exd5 8.h3 Bh5
9.Nc3 Bc5 10.Qb3 Bb6 11.Na4 O-O 12.Nxb6 axb6 13.g4 Bg6 14.Nh4 Ne8 15.Nxg6 hxg6
16.e4 Ne5 17.Qc2 dxe4 18.dxe4 Qd3 19.Qxd3 Nxd3 20.Be3 Nxb2 21.Bxb6 Na4 22.Be3 Nd6
23.Rfc1 Nb5 24.Bf1 Nbc3 25.f3 Rfd8 26.Rc2 Rd1 27.Rxd1 Nxd1 28.Bd2 Rd8 29.Be2 Ndb2
30.Kf2 Nd3+ 31.Ke3 Ndc5 32.Ba5 Ra8 33.Bb4 Ne6 34.Bd6 Rd8 35.Ba3 g5 36.Bc4 Re8
37.Bb3 Ra8 38.Be7 Ra5 39.Bb4 Rb5 40.a3 Nb6 41.Bxe6  1/2-1/2

[Event "ch-ISR Women"]
[Site "Ramat-Aviv/Modiin ISR"]
[Date "2000.12.17"]
[Round "1"]
[White "Vovinkina,N"]
[Black "Baron,I"]
[Result "0-1"]
[WhiteElo "2090"]
[BlackElo "2010"]

1.Nf3 d5 2.g3 Nf6 3.Bg2 g6 4.d3 Bg7 5.O-O O-O 6.c3 c6 7.b4 Nbd7 8.Nbd2 e5
9.Qc2 Re8 10.Nb3 Nf8 11.Nfd2 Be6 12.a4 N6d7 13.Ba3 f5 14.Rab1 Bf7 15.b5 e4
16.Nc5 Nxc5 17.Bxc5 Ne6 18.Nb3 Nxc5 19.Nxc5 b6 20.Na6 c5 21.Rfd1 Qe7 22.d4 Rac8
23.Qb3 c4 24.Qc2 f4 25.Nb4 e3 26.Nxd5 exf2+ 27.Kf1 Bxd5 28.Bxd5+ Kh8 29.Bf3 Qe3
30.Kg2 Bf8 31.Rh1 Bd6 32.g4 Kg7 33.h4 h6 34.h5 Re6 35.Rh3 gxh5 36.Rbh1 Rg6
37.Rxh5 Rf8 38.R5h3 Rff6 39.Kf1 Qe7 40.Kxf2 Rg5 41.Rh5 Rfg6 42.Qxg6+ Rxg6  0-1

[Event "2nd Viking GMB"]
[Site "York ENG"]
[Date "2000.12.17"]
[Round "5"]
[White "McNab,C"]
[Black "Gormally,D"]
[Result "1/2-1/2"]
[WhiteElo "2416"]
[BlackElo "2499"]

1.Nf3 d5 2.g3 c5 3.Bg2 Nc6 4.d3 Nf6 5.O-O e5 6.Na3 Be7 7.e4 O-O 8.exd5 Nxd5
9.Re1 f6 10.c3 Nc7 11.Nh4 g5 12.Be4 gxh4 13.Bxh7+ Kxh7 14.Qh5+ Kg8 15.Qg6+ Kh8
16.Re4 f5 17.Bh6  1/2-1/2

[Event "ch-ISR Women"]
[Site "Ramat-Aviv/Modiin ISR"]
[Date "2000.12.18"]
[Round "2"]
[White "Dotan,V"]
[Black "Len,I"]
[Result "0-1"]
[WhiteElo "2051"]
[BlackElo "2118"]

1.Nf3 d5 2.g3 e6 3.Bg2 f5 4.d3 Nf6 5.Bf4 Be7 6.c4 c6 7.Nbd2 O-O 8.O-O Nbd7
9.Nb3 Ng4 10.h3 e5 11.Bd2 dxc4 12.dxc4 Ngf6 13.Bc3 Qc7 14.e3 Ne4 15.Ba5 b6
16.Be1 a5 17.Nfd2 Nef6 18.e4 a4 19.Nc1 Nc5 20.exf5 Bxf5 21.Qf3 Bd7 22.Qe2 e4
23.b4 axb3 24.Ncxb3 Rfe8 25.Kh2 Qe5 26.Nxc5 Bxc5 27.Nb3 Bf5 28.Bd2 Ba3 29.Be3 c5
30.Bc1 Ra4 31.Bxa3 Rxa3 32.Rad1 h5 33.Rd2 h4 34.Qe3 Rea8 35.Rfd1 Rxa2 36.Rxa2 Rxa2
37.Rd2 Ra3 38.Re2 hxg3+ 39.fxg3 Nh5 40.Bxe4 Bxe4 41.Rg2 Rxb3 42.Qxb3 Bxg2
43.Kxg2 Qe2+ 44.Kg1 Nf6 45.Qxb6 Qxc4 46.Qb8+ Kh7 47.Qc8 Qd4+ 48.Kf1 Qd3+
49.Kg2 c4 50.g4 Nd5 51.Qe8 Nf4+ 52.Kf2 Nxh3+ 53.Ke1 Nf4 54.Qe5 Qb1+ 55.Kd2 Qc1+  0-1

[Event "Abel Cardona Open"]
[Site "Cali COL"]
[Date "2000.12.20"]
[Round "6"]
[White "Castro,O"]
[Black "Barrios,F"]
[Result "1-0"]
[WhiteElo "2376"]
[BlackElo "2220"]

1.Nf3 d5 2.g3 c6 3.b3 Bg4 4.Bb2 e6 5.Bg2 Nd7 6.O-O Ngf6 7.d3 Be7 8.Nbd2 O-O
9.e4 Bh5 10.Re1 dxe4 11.dxe4 e5 12.Qe2 Qc7 13.Nc4 Bb4 14.c3 Be7 15.Ne3 Nc5
16.c4 Ncxe4 17.g4 Bg6 18.Bxe5 Qa5 19.a3 Ng5 20.Nf5 Bxf5 21.gxf5 Ng4 22.Bxg7 Kxg7
23.Nxg5 Qxf5 24.Qxe7 Rae8 25.Ne6+ Kh8 26.Qc5 fxe6 27.Qxf5 Rxf5 28.Ra2 Rg8
29.Rxe6 Ne5 30.Re2  1-0

[Event "17th Open"]
[Site "Boblinger GER"]
[Date "2000.12.29"]
[Round "7"]
[White "Haub,TM"]
[Black "Gritsch,C"]
[Result "1-0"]
[WhiteElo "2370"]
[BlackElo "2155"]

1.Nf3 d5 2.g3 Nf6 3.Bg2 g6 4.O-O Bg7 5.d3 O-O 6.Nbd2 c6 7.e4 dxe4 8.dxe4 Bg4
9.h3 Bxf3 10.Qxf3 Nbd7 11.Qe2 e5 12.a4 Qc7 13.Nc4 Nb6 14.Be3 Nxc4 15.Qxc4 b6
16.a5 Nd7 17.Rfd1 Rad8 18.Rd3 b5 19.Qb3 Rfe8 20.c4 a6 21.Qc2 b4 22.c5 Bf8
23.Qc4 Qa7 24.Qxb4 Rb8 25.Qd2 Nxc5 26.b4 Rxb4 27.Qxb4 Nxd3 28.Qxf8+  1-0

[Event "17th Open"]
[Site "Boblinger GER"]
[Date "2000.12.30"]
[Round "9"]
[White "Born,M"]
[Black "Duppel,M"]
[Result "0-1"]
[WhiteElo "2223"]
[BlackElo "2376"]

1.Nf3 d5 2.g3 c6 3.Bg2 Bg4 4.d4 Nd7 5.O-O e6 6.Nbd2 f5 7.c4 Bd6 8.Qc2 Ngf6
9.c5 Bc7 10.b4 O-O 11.Bb2 Qe8 12.Rae1 Qh5 13.b5 Rac8 14.a4 Ne4 15.Nb3 Rf6
16.Ne5 Rh6 17.h4 Nxe5 18.dxe5 g5 19.Bxe4 fxe4 20.Bc1 Bxe5 21.Bxg5 Rg6 22.f4 Bh8
23.e3 h6 24.Be7 Bh3 25.Rf2 Re8 26.f5 Rxg3+ 27.Kh2 Be5 28.Rg1 Qg4  0-1

[Event "1st Integrata GM"]
[Site "Darmstadt GER"]
[Date "2001.01.09"]
[Round "3"]
[White "Gutman,L"]
[Black "Savchenko,S"]
[Result "1/2-1/2"]
[WhiteElo "2533"]
[BlackElo "2579"]

1.Nf3 d5 2.g3 c6 3.Bg2 Bg4 4.c3 Nd7 5.Qb3 Qb6 6.d3 e6 7.Be3 Bc5 8.Bxc5 Nxc5
9.Qc2 Nf6 10.Nbd2 a5 11.O-O O-O 12.a4 Rfe8 13.Rfb1 Na6 14.b4 axb4 15.cxb4 Qc7
16.e4 dxe4 17.dxe4 e5 18.h3 Bh5 19.Nh4 Rad8 20.Nc4 Bg6 21.b5 cxb5 22.axb5 Nc5
23.b6 Qe7 24.Nxg6 hxg6 25.Rb5 Rd4 26.Raa5 Nfxe4 27.Bxe4 Nxe4 28.Rxe5 Qd8
29.Rxe8+ Qxe8 30.Re5 Qc6 31.Ne3 Qxc2 32.Re8+ Kh7 33.Nxc2 Rc4 34.Ne3 Rc1+
35.Kg2 Nd6 36.Rd8 Rc6 37.Nd5 Nc4 38.Rd7 Nxb6 39.Nxb6 Rxb6  1/2-1/2

[Event "1st Integrata GM"]
[Site "Darmstadt GER"]
[Date "2001.01.10"]
[Round "4"]
[White "Gutman,L"]
[Black "Ovsejevitsch,S"]
[Result "0-1"]
[WhiteElo "2533"]
[BlackElo "2526"]

1.Nf3 d5 2.g3 c6 3.Bg2 Bg4 4.O-O Nd7 5.a4 a5 6.d4 e6 7.Ne5 Bf5 8.c4 Ngf6
9.Nc3 Be7 10.f3 Nxe5 11.dxe5 Nd7 12.g4 Bg6 13.cxd5 cxd5 14.f4 f5 15.gxf5 Bxf5
16.e4 dxe4 17.Nxe4 Nc5 18.Nd6+ Bxd6 19.exd6 O-O 20.Ra3 Ra6 21.d7 Qxd7 22.Qxd7 Nxd7
23.Rd1 Nf6 24.Be3 Be4 25.Bxe4 Nxe4 26.Rb3 Rd6 27.Rxd6 Nxd6 28.Bc5 Rd8 29.Bb6 Rc8
30.Bxa5 Rc4 31.Rb4 Rc2 32.b3 h5 33.Bb6 Kh7 34.Bd4 Kg6 35.Be5 Nf5 36.Rxb7 Nh4
37.Rc7 Nf3+ 38.Kf1 Nxh2+ 39.Ke1 Ra2 40.Rc3 Kf5 41.Bc7 Ke4 42.Kd1 Nf3 43.Bb6 h4
44.Re3+ Kxf4 45.Rxe6 h3 46.Bc7+ Kf5 47.Re7 g5  0-1

[Event "1st Integrata GM"]
[Site "Darmstadt GER"]
[Date "2001.01.11"]
[Round "6"]
[White "Gutman,L"]
[Black "Ginsburg,G"]
[Result "1/2-1/2"]
[WhiteElo "2533"]
[BlackElo "2487"]

1.Nf3 d5 2.g3 Nf6 3.Bg2 c5 4.O-O Nc6 5.d3 g6 6.Be3 b6 7.d4 Ng4 8.Bc1 Bb7
9.c4 Bg7 10.cxd5 Nxd4 11.Nxd4 cxd4 12.e4 Qd7 13.Nd2 O-O 14.Nf3 e6 15.dxe6 fxe6
16.Ng5 Ne5 17.Bh3 Rae8 18.Bf4 Nf7 19.Nxf7 Rxf7 20.Qd3 Qc6 21.Rfe1 e5 22.Bg5 h6
23.Bd2 Kh7 24.Rac1 Qf6 25.Re2 h5 26.f4 exf4 27.gxf4 Qh4 28.e5 Ba6 29.Qxa6 Qxh3
30.Rg2 Bh6 31.Qb5 Rc8 32.Rxc8 Qxc8 33.Qd3 Qe6 34.Qe4 Qf5 35.Qxf5 Rxf5 36.Re2 Bxf4
37.e6 Be3+ 38.Bxe3 Re5 39.Kf2 dxe3+ 40.Rxe3 Rf5+ 41.Ke2 Rf8 42.Kd3 Kg7 43.Kd4 Rd8+
44.Ke5 Rd2 45.Ra3 Rxh2 46.Rxa7+ Kf8 47.b4 h4 48.a4 h3 49.Kf6 Rf2+ 50.Kxg6 Rf4
51.Rh7 Rxb4  1/2-1/2

[Event "1st Integrata GM"]
[Site "Darmstadt GER"]
[Date "2001.01.12"]
[Round "7"]
[White "Grabarczyk,M"]
[Black "Savchenko,S"]
[Result "1/2-1/2"]
[WhiteElo "2495"]
[BlackElo "2579"]

1.Nf3 d5 2.g3 Bg4 3.Bg2 Nd7 4.O-O Ngf6 5.d3 c6 6.c4 e6 7.Nc3 Bxf3 8.exf3 Be7
9.f4 g6 10.Ne2 O-O 11.Nd4 Ne8 12.Nf3 Nd6 13.Qe2 Re8 14.b3 Bf6 15.Ne5 Nf5
16.Bb2 Nxe5 17.fxe5 Bg7 18.cxd5  1/2-1/2

[Event "ch-POL Boys U18"]
[Site "Zakopane POL"]
[Date "2001.01.17"]
[Round "2"]
[White "Sroczynski,M"]
[Black "Dziuba,M"]
[Result "0-1"]
[WhiteElo "2151"]
[BlackElo "2421"]

1.Nf3 d5 2.g3 Nf6 3.Bg2 c6 4.O-O Bg4 5.d4 Nbd7 6.c4 e6 7.b3 Bd6 8.Bb2 O-O
9.Nbd2 Qb8 10.Re1 Bf5 11.Nh4 Be4 12.Nxe4 Nxe4 13.Qc2 f5 14.e3 Qe8 15.Nf3 g5
16.Ne5 g4 17.Nxd7 Qxd7 18.a4 Qe7 19.Qc1 Bb4 20.Ba3 a5 21.Bxb4 axb4 22.Rf1 Nc3
23.Qc2 Qg5 24.h4 gxh3 25.Bxh3 Rf6 26.Kh2 Kf7 27.Rh1 h5 28.Rag1 dxc4 29.bxc4 Rxa4
30.Ra1 Rxa1 31.Rxa1 h4 32.Rg1 hxg3+ 33.Rxg3 Qh5  0-1

[Event "17th Open"]
[Site "Geneva SUI"]
[Date "2001.01.20"]
[Round "1"]
[White "Becker,T1"]
[Black "Ulibin,M"]
[Result "0-1"]
[WhiteElo "2215"]
[BlackElo "2574"]

1.Nf3 d5 2.g3 g6 3.Bg2 Bg7 4.c4 d4 5.O-O e5 6.d3 Ne7 7.e3 O-O 8.exd4 exd4
9.b4 a5 10.b5 c5 11.a4 h6 12.Re1 Nd7 13.Ra2 Ra7 14.Rae2 Re8 15.Bf4 b6 16.Ne5 Nxe5
17.Bxe5 Bg4 18.f3 Be6 19.g4 Bxe5 20.Rxe5 g5 21.Rxe6 fxe6 22.Rxe6 Kf7 23.Rxh6 Kg7
24.Re6 Ng6 25.Rxg6+ Kxg6 26.Nd2 Re3 27.h4 gxh4 28.f4 Qd6 29.Qf1 Rf7 30.f5+ Kg5  0-1

[Event "Tch-AUT 2000-01"]
[Site "Graz AUT"]
[Date "2001.01.20"]
[Round "7"]
[White "Baumgartner,H"]
[Black "Posch,W"]
[Result "1/2-1/2"]
[WhiteElo "2366"]
[BlackElo "2282"]

1.Nf3 d5 2.g3 c6 3.Bg2 Bg4 4.Ne5 Bf5 5.d4 Nd7 6.O-O e6 7.b3 Ngf6 8.Bb2 h5
9.h3 Bd6 10.Nd2 Qc7 11.f4 c5 12.c4 cxd4 13.Nxd7 Qxd7 14.Bxd4 Bb4 15.cxd5 exd5
16.Kh2 h4 17.g4 Bxg4 18.Bxf6 gxf6 19.hxg4 Qxg4 20.Rf3 h3 21.Bh1 O-O-O 22.Qc2+ Kb8
23.Rg1 Qe6 24.Nf1 Rc8 25.Qd1 Rc1 26.Qd3 Rc3 27.Qd1 Rc1 28.Qd3 Rc3 29.Qd1 Rc1  1/2-1/2